000 00689nam a22002057a 4500
003 BD-DhUL
005 20220323132658.0
008 220316s2020 bg ||||| |||| 00| 0 ben
020 _a9789849002372 (hbk)
040 _aBD-DhUL
_cBD-DhUL
082 _a891.443
_bKHS
100 1 _aখান, আলি আকবর
245 0 0 _aস্বজন হারানো শ্মশানে /
_cআলি আকবর খান।
260 _aঢাকা :
_bগাজী,
_c২০২০।
300 _a১১২ পৃ. ;
_c২২ সেমি.
365 _aBDT
_b200.0০
650 4 _aবাংলা উপন্যাস ।
650 4 _aBengali fiction.
942 _2ddc
_cBK
999 _c255572
_d255572